LEADER 01509nam0 22003371i 450 001 UON00524438 005 20240508113709.539 100 $a20240508d1993 |0itac50 ba 101 $aita 102 $aIT 105 $a|||| ||||| 200 1 $aCarlo Levi: il futuro ha un cuore antico$eopere scelte dal 1922 al 1972, Museo di Palazzo Venezia, Roma 16 giugno-18 luglio 1993$f[mostra a cura di Antonio Del Guercio] 205 $aRoma : CGIL : Fondazione Carlo Levi : Fondazione Giuseppe Di Vittorio$bstampa 1993 210 $a213 p.$cin gran parte ill. ; 26 cm 215 $aCatalogo della mostra 606 $aLevi Carlo$xEsposizioni$3UONC103374$2FI 620 $aIT$dRoma$3UONL000004 676 $a759.5$cPittura. Italia$v21 700 1$aLevi$bCarlo$3UONV009111$0331594 702 1$aDEL GUERCIO$bAntonio$3UONV295400 712 02$aMuseo di Palazzo Venezia$3UONV249433 712 02$aCGIL$3UONV102278 712 02$aFondazione Carlo Levi Roma$3UONV183671 712 02$aFondazione Giuseppe Di Vittorio$3UONV295401 791 02$aConfederazione Generale Italiana per il Lavoro$zCGIL$3UONV102279 801 $aIT$bSOL$c20260320$gRICA 899 $aSIBA - SISTEMA BIBLIOTECARIO DI ATENEO E ARCHIVIO STORICO$2UONSI 912 $aUON00524438 950 $aSIBA - SISTEMA BIBLIOTECARIO DI ATENEO E ARCHIVIO STORICO$dSI CAT 120 $eSI LO 10020 7 996 $aCarlo Levi: il futuro ha un cuore antico$94312160 997 $aUNIOR